00126 a2200061 4500020001800000082001600018245003000034 a9780853206026 aSWA KF EMAG aEmagama langu 100 ekucala